00723nam a22002177a 450000100060000000300080000600500170001400800410003102000150007203500200008704000350010704100080014208200240015010000230017424500620019726001390025930000240039849000380042265000270046070000180048767832BD-RjUL20211209081710.0170329s1997 ii |||| |||| 000 0 eng d a8171694187 a(BD-RjUL) 68041 aBD-RjULbengcBD-RjULdBD-RjUL aeng 223a630.7bUTA 1997 aSingh, Uttam Kumar aAgricultural education /cUttam Kumar Singh and A K Nayak aNew Delhi :b Commonwealth Publishers in association with Dr. Zakir Hussain Institute for Non-formal and Continuing Education, cc1997 av, 419 p. ;c22 cm. aRecent trends in education series aAgricultural Education aNayak, A K .